000 00631nam a22002177a 4500
005 20170124110107.0
010 _a222904
020 _c00.00
035 _a222904
037 _bCen Lib/Ret
040 _aDPL
_bEN
082 _a954.09
_bSMI
100 _aSmith, Donald Eugene
_928252
245 _aIndia as a secular state /
_cby Donald Eugene Smith
260 _bPrinceton University Press
_aLondon
_c1963
300 _axix,518p.
_c22cm(Hb)
500 _aIncludes index
650 _aIndia -- Politics and government -- 1947
_914822
650 _aInde. Religions
_928253
942 _2ddc
_cEN
_h954.09
_mSMI
999 _c130092
_d130092